Plan estratégico para la universidad Evangélica Nicaragüense Martin Luther King, Masaya

Presenta plan estratégico para la universidad Evangélica Nicaragüense Martin Luther King, Masaya, mediante la realización de un diagnóstico de la situación actual, se definieron las estrategias de publicidad y promoción viable para su respectiva incorporación en el plan de acción, se elabor...

Full description

Bibliographic Details
Main Authors: Gómez Pavón, Eliezer José,, Espinoza Hernández, Joselt Salvador
Other Authors: Tutor: Torrez Mercado, Ronald
Format: Tesis Section = Libro
Language:Undetermined
Spanish
Published: Managua UNI 2015
Subjects:
LEADER 01277nam a2200265Ia 4500
008 240830s9999 xx 000 0 und d
040 |a BIBLIOTECA-RUPAP T.Mon 658.4012 G633 
041 |a spa 
082 |a T.Mon 658.4012 G633 
100 1 |a Gómez Pavón, Eliezer José, 
100 1 |b  Espinoza Hernández, Joselt Salvador 
245 1 0 |a Plan estratégico para la universidad Evangélica Nicaragüense Martin Luther King, Masaya 
260 |a Managua  |b UNI  |c 2015 
300 |a 79 p. :il. 
500 |a Contiene: anexos e Incluye: CD. 
502 |a Tesis (Ingeniero de Sistemas)- UNI, 2015. 
520 3 |a Presenta plan estratégico para la universidad Evangélica Nicaragüense Martin Luther King, Masaya, mediante la realización de un diagnóstico de la situación actual, se definieron las estrategias de publicidad y promoción viable para su respectiva incorporación en el plan de acción, se elaboró un plan operativo para la realización de las actividades que den cumplimiento a las estrategias. 
650 7 |a ADMINISTRACION ESTRATEGICA 
650 7 |b PLANEACION ESTRATEGICA 
650 7 |c ESTRUCTURA ORGANIZACIONAL 
650 7 |d DIAGNOSTICO EMPRESARIAL 
700 1 |a Tutor:  |b Torrez Mercado, Ronald 
942 |c BK  |2 ddc 
991 |a TESIS 
999 |c 18576